| 000 | 00539nam a22001817a 4500 | ||
|---|---|---|---|
| 005 | 20251108173150.0 | ||
| 008 | 250721s2005 xx 000 0 ara d | ||
| 020 | _a9772773910 | ||
| 082 | 1 | 4 | _a636.5/حسي |
| 100 | 1 | _aالحسيني، محمد أحمد | |
| 245 | 1 | 0 | _aكل شيء عن الحمام الزاجل / |
| 264 | 1 |
_aالقاهرة : _bدار الطلائع للنشر و التوزيع، _c2005. |
|
| 300 | _a175ص. | ||
| 650 | 1 | 7 | _aتربية الطيور |
| 650 | 1 | 7 | _aالحمام |
| 942 |
_2ddc _cBK |
||
| 999 |
_c97543 _d97543 |
||